000 00315nam a2200133Ia 4500
008 150201s2004 xx 000 0 und d
082 _a616.1
_bR04R
100 _aRATH, GOURA K.
245 _aTB. OF RADIATION ONCOLOGY
260 _bELSEVIER
_aDELHI
_c2004
300 _a1-822
650 _aPATHOLOGY
942 _2ddc
_cBK
999 _c306
_d306